التناص في الشعر العربي الحديث : دراسة نظرية وتطبيقية، بدر شاكر السياب وأمل دنقل ومحمود درويش نموذجا /
Saved in:
| 主要作者: | |
|---|---|
| 其他作者: | |
| 格式: | Thesis |
| 語言: | Arabic |
| 出版: |
Urdun :
al-Jami'ah al-Urduniyah,
2000
|
| 主題: | |
| 標簽: |
添加標簽
沒有標簽, 成為第一個標記此記錄!
|
| LEADER | 019550000a22003370004500 | ||
|---|---|---|---|
| 008 | 120717s2000 jo f 000 0 ara d | ||
| 040 | |a UIAM |b eng | ||
| 041 | |a ara | ||
| 050 | |a PJ7507 | ||
| 100 | 1 | |a مراشدة، عبد الباسط أحمد محمد | |
| 242 | 1 | 3 | |a al-Tanas fi al-shi'r al-'Arabi al-hadith : |b dirasah nazariyah wa-tatbiqiyah, Badr Shakir al-Sayyab wa Amal Dunqul wa Mahmud Darwish namudhajan |
| 245 | 1 | 2 | |a التناص في الشعر العربي الحديث : |b دراسة نظرية وتطبيقية، بدر شاكر السياب وأمل دنقل ومحمود درويش نموذجا / |c عبد الباسط أحمد محمد مراشدة |
| 260 | |a Urdun : |b al-Jami'ah al-Urduniyah, |c 2000 | ||
| 300 | |a viii, 270 leaves ; |c 30 cm. | ||
| 500 | |a "قدمت هذه الرسالة إستكمالا لمتطلبات درجة الدكتوراة في تخصص اللغة العربية وادابها من كلية الدراسات العليا في الجامعة الأردنية" --On t.p. | ||
| 502 | |a Thesis (M.A.)--Jami'at al-Urduniyah, 2000. | ||
| 504 | |a Includes bibliographical references (leaves 260 - 273). | ||
| 596 | |a 1 | ||
| 600 | 1 | 0 | |a Sayyab, Badr Shakir, |d 1926-1964 |x Criticism and interpretation |
| 600 | 1 | 0 | |a Dunqul, Amal, |d d. 1983 |x Criticism and interpretation |
| 600 | 1 | 0 | |a Darwish, Mahmud |x Criticism and interpretation |
| 650 | 0 | |a Intertextuality | |
| 650 | 0 | |a Criticism |z Arab countries | |
| 650 | 0 | |a Arabic poetry |x History and criticism |y 20th century | |
| 650 | 0 | |a Poets, Arab |x History and criticism |y 20th century | |
| 655 | 0 | 7 | |a Theses, Facsimile edition (Islamic) |
| 700 | 1 | |a Murashadah, 'Abd al-Basit Ahmad Muhammad | |
| 710 | 2 | |a Jami'ah al-Urduniyah. |b Kulliyat al-Dirasat al-'Ulya | |
| 900 | |a arf-sar | ||
| 999 | |c 432739 |d 467064 | ||
| 952 | |0 0 |6 TI PJ 007507 M972T 2000 |7 0 |8 THESES |9 754462 |a IIUM |b IIUM |c MULTIMEDIA |g 320.00 |o ti PJ 7507 M972T 2000 |p 00011203217 |r 2017-10-23 |t 1 |v 320.00 |y THESIS | ||
